000 00813nam a22002175i 4500
001 151657
003 ES-MaACL
005 20230906204321.0
008 980907s1884 sp |||| | spa d
100 1 _aBacas, Darío.
_924443
245 1 0 _aTeoría elemental y aplicaciones de las fracciones continuas /
_cpor Darío Bacas.
260 _aMadrid :
_b[s.n.],
_c1884 (
_fImp. de D. Gregorio Hernando)
300 _a40 p. ;
_c21 cm.
530 _aDisponible en formato digital.
650 4 _aFracciones continuas.
_9173126
700 1 _aHernando, Gregorio,
_eimp.
_9221702
752 _aEspaña -
_dMadrid
852 _aES-MaACL
_jT-475-F-14
_z- Enc. hol.
_z- Enc. en un vol. facticio
856 _uhttp://bdh-rd.bne.es/viewer.vm?id=0000125184&page=1
_zBiblioteca Digital Hispánica
999 _c151657
_d151657